Paroles - J't'emmène au vent - Louise Attaque - Statistiques

Statistiques générales
  • Ce quiz a été pris 1 516 fois
  • Le résultat moyen est 231 sur 250
Statistiques - réponses
Réponse % Correct
au
99%
Je
99%
je
99%
te
99%
de
98%
vent
98%
viens
98%
des
97%
Et
97%
Allez
96%
dessus
96%
que
96%
Que
96%
tu
96%
voudrais
96%
amour
95%
artificiel
95%
Artificiel
95%
éternel
95%
gens
95%
Notre
95%
notre
95%
pas
95%
est
94%
j't'emmène
93%
rappelles
92%
sois
87%
en
86%
temps
86%
84%
devant
77%
ramènes
76%
celle
65%
j'entends
59%
parfois
54%
prennes
49%
souvent
46%
plus
44%
l'devant
24%
m'appelles
24%
Aucun quiz correspondant
Distribution des résultats
% des personnes avec chaque résultat
Percentile par nombre de réponses
Votre historique - résultats
Vous n’avez pas pris ce quiz